000 00756nam a2200229 i 4500
001 7443
003 ES-MaACL
005 20250815041034.0
007 t|
008 910118s1989 sp |||| |dspa d
020 _a84-321-2560-1
080 _a9(46)"1474/1517"
100 1 _aSuárez Fernández, Luis,
_d1924-2024
_9240112
245 1 4 _aLos Reyes Católicos
_b: el tiempo de la guerra de Granada /
_cLuis Suárez Fernández.
260 _aMadrid :
_bRialp,
_cD.L. 1989.
300 _a315 p. ;
_c25 cm.
490 1 _aForjadores de historia ;
_v15
651 _aEspaña-
_xHistoria-
_y1474-1516, Reyes Católicos.
_98222
830 0 0 _aForjadores de historia
_v15
_9177871
852 _aES-MaACL
_jL-14722
_z- Enc. cart.
999 _c7443
_d7443